| 000 | 00000nam##2200000za#4500 |
| 001 | 9.566404 |
| 003 | CaOODSP |
| 005 | 20210929082753 |
| 007 | cr ||||||||||| |
| 008 | 150406|2009||||xxc|||||o f|0| 0 eng|d |
| 020 | |a978-1-100-13444-4 |
| 040 | |aCaOODSP|beng |
| 043 | |an-cn--- |
| 086 | 1 |aFo143-3/2009-28E-PDF |
| 110 | 1 |aCanada. |bNatural Resources Canada. |bCanadian Forest Service. |
| 245 | 10|aEffects of acetone extractives in grey-stage mountain pine beetle killed lodgepole pine on kraft mills / |h[electronic resource]|c[by] Larry Allen and Alain Gagné. |
| 260 | |aVictoria - British Columbia : |bNatural Resources Canada. |c2010. |
| 300 | |a19p.|bfigs., references, tables |
| 490 | 1 |aMountain Pine Beetle working paper|v2009-28 |
| 500 | |a"MPB project # 7.17". |
| 520 | 3 |aThe objective was to determine whether using grey-stage beetle-killed wood increases concentrations of acetone extractives in the final bleached pulp and increases resin acid concentrations in the treated effluents. |
| 546 | |a(Résumé en français.) |
| 590 | |a12-25-Supp|b2012-06-04 |
| 720 | 1 |aAllen, Larry |
| 720 | 1 |aGagné, Alain |
| 776 | 0#|tEffects of acetone extractives in grey-stage mountain pine beetle-killed lodgepole pine on kraft mills / |w(CaOODSP)9.619445 |
| 830 | #0|aMountain Pine Beetle working paper ;|v2009-28|w(CaOODSP)9.504874 |
| 856 | 40|ahttp://publications.gc.ca|qPDF|s169 KB|uhttps://publications.gc.ca/collections/collection_2012/rncan-nrcan/Fo143-3-2009-28-eng.pdf|y2009-28 |